MARC

LEADER 00000nas a2200000 a 4500
001 ssj0005455
003 WaSeSS
005 20200512172242.0
006 m d
007 cr n
008 980507c19679999enkqr pss 0 a0eng c
010 |a  2008234557 
015 |a GBB611620  |2 bnb 
016 7 |a 2066505-2  |2 DE-600 
016 7 |a 101085204  |2 DNLM 
016 7 |a 016867552  |2 Uk 
022 |a 1946-326X  |l 0021-3624  |y 0021-3624 
030 |a JECIAR 
035 |a (WaSeSS)ssj0005455 
037 |b M.E. Sharpe, Inc., 80 Business Park Drive, Armonk, NY 10504  |c $37.25 (single issue), $149.00 (Institute), $142.00 (Agency) 
040 |a FGA  |b eng  |e pn  |c FGA  |d OCL  |d OCLCQ  |d EYM  |d HUL  |d NSD  |d OCLCQ  |d OCLCS  |d OCLCQ  |d OCLCF  |d CN4UL  |d UKBOL  |d CUD  |d AU@  |d TXJ  |d CO3  |d OCLCE  |d VT2  |d CUS  |d OCLCO  |d OCLCQ  |d DEBBG  |d OCLCO  |d OCLCQ  |d WT2  |d ZAC  |d NLE  |d U3W  |d DLC  |d UUM  |d DLC  |d OCLCQ  |d UKMGB  |d LEAUB  |d OCLCQ  |d SFB  |d WaSeSS 
042 |a pcc  |a nsdp  |a dlr 
050 0 0 |a HB1 
082 1 0 |a 332  |2 14 
222 0 |a Journal of economic issues  |b (Online) 
245 0 0 |a Journal of economic issues  |h [electronic resource]. 
246 3 |a JEI. Journal of economic issues 
246 1 3 |a JEI 
260 |a Austin, Tex. :  |b University of Texas 
260 3 |3 <2014-> :  |a [Abingdon, UK] :  |b Routledge, Taylor & Francis Group 
310 |a Quarterly 
362 1 |a Began with: Vol. 1, no. 1/2 (June 1967). 
500 |a Imprint varies; published: Lewisburg, Penn. : Association for Evolutionary Economics, Bucknell University, Mar. 1999- 
506 |a License restrictions may limit access. 
538 |a Master and use copy. Digital master created according to Benchmark for Faithful Digital Reproductions of Monographs and Serials, Version 1. Digital Library Federation, December 2002.  |u http://purl.oclc.org/DLF/benchrepro0212  |5 MiAaHDL 
550 |a Sponsored by the Association for Evolutionary Economics. 
583 1 |a digitized  |c 2010  |h HathiTrust Digital Library  |l committed to preserve  |2 pda  |5 MiAaHDL 
588 0 |a Vol. 1, no. 1/2 (June 1967); title from cover (JSTOR, viewed Oct. 24, 2008). 
588 1 |a Vol. 52, no. 1 (2018) (Taylor & Francis Online, viewed April 6 2018). 
650 0 |a Economics  |v Periodicals. 
650 6 |a Économie politique  |v Périodiques. 
650 7 |a Economics.  |2 ebps 
650 7 |a Economics.  |2 fast  |0 (OCoLC)fst00902116 
650 1 7 |a Economie.  |2 gtt 
650 1 7 |a ECONOMICS.  |2 unbist 
650 1 7 |a ECONOMIC POLICY.  |2 unbist 
653 |a Business, management and economics 
655 0 |a Electronic journals. 
710 2 |a Association for Evolutionary Economics. 
776 0 8 |i Print version:  |t Journal of economic issues  |x 0021-3624  |w (DLC)sf 80000461  |w (OCoLC)1754544 
850 |a DLC 
856 4 0 |z Full text available from Research Library: 03/01/1987 to 12/31/2008  |u https://search.proquest.com/publication/436362 
856 4 0 |z Full text available from Research Library: 03/01/2009 to 12/31/2015  |u https://search.proquest.com/publication/48656